Films de 2026 en images - Statistiques

Statistiques générales
  • Ce quiz a été pris 13 fois
  • Le résultat moyen est 16 sur 58
Statistiques - réponses
Par images Réponse % Correct
Shrek 5
77%
Vaiana
77%
Marsupilami
69%
Michael
69%
Dune 3
62%
Hurlevent
62%
Marty Suprême
62%
Scream 7
62%
The Bride !
54%
The Drama
54%
Toy Story 5
54%
Goat
46%
Le diable s'habille en Prada 2
46%
Hamnet
38%
Hoppers
38%
La maison des femmes
38%
Lol 2.0
38%
Backrooms
31%
L'Odysée
31%
Reminders of him
31%
Scary Movie 6
31%
Spiderman Brand New Day
31%
Evil Dead Burn
23%
Hunger Games : Lever de soleil sur la Moisson
23%
Le réveil de la momie
23%
Mandalorian et Grogu
23%
Primate
23%
Retour à Silent Hill
23%
Send Help
23%
The Moment
23%
Wedding Nightmare 2
23%
28 ans plus tard
15%
Coyote vs. Acme
15%
La Pat' Patrouille, le film - Mission Dino
15%
Le sifflet
15%
Mon beau-père, ma belle fille et moi
15%
Mortal Kombat II
15%
Projet dernière chance
15%
Roommates
15%
Supergirl
15%
Super Mario Galaxy, le film
15%
Verity
15%
Avengers Doomsday
8%
Aventures croisées
8%
Clayface
8%
Diclosure Day
8%
Greenland Migration
8%
Insidious 6
8%
La fin d'Oak Street
8%
Le chat chapeauté
8%
Les intrus : Chapitre 3
8%
Les maîtres de l'univers
8%
Mercy
8%
Minions et Méchants
8%
People we met on vacation
8%
Pillion
8%
Rental Family
8%
They will kill you
8%
Aucun quiz correspondant
Distribution des résultats
% des personnes avec chaque résultat
Percentile par nombre de réponses
Votre historique - résultats
Vous n’avez pas pris ce quiz